[Event "Deutsche Ländermeisterschaft 2024"]
[Site "Tübingen GER"]
[Date "2024.10.05"]
[Round "6"]
[White "Steinbrenner, Peter"]
[Black "Bezsonna, Polina"]
[Result "1/2-1/2"]
[Termination "normal"]
[Board "2.7"]
[WhiteElo "1894"]
[BlackElo "1905"]
[WhiteClock "00:29:30"]
[BlackClock "00:22:06"]
[WhiteTeam "Rheinland-Pfalz"]
[BlackTeam "Hessen"]
[PlyCount "55"]
[WhiteFideId "34645535"]
[BlackFideId "14191156"]
[EventCountry "GER"]
[EventRounds "7"]
[EventType "team-swiss"]
[EventDate "2024.10.02"]

1. Nf3 {[%clk 01:30:56]} {[%emt 00:00:04]} Nf6 {[%clk 01:30:52]} {[%emt
00:00:09]} 2. g3 {[%clk 01:31:20]} {[%emt 00:00:06]} g6 {[%clk 01:31:17]}
{[%emt 00:00:05]} 3. Bg2 {[%clk 01:31:45]} {[%emt 00:00:04]} Bg7 {[%clk
01:31:40]} {[%emt 00:00:07]} 4. O-O {[%clk 01:31:59]} {[%emt 00:00:16]} O-O
{[%clk 01:32:01]} {[%emt 00:00:09]} 5. c4 {[%clk 01:32:01]} {[%emt 00:00:28]}
d6 {[%clk 01:32:09]} {[%emt 00:00:22]} 6. d4 {[%clk 01:31:24]} {[%emt
00:01:08]} Nc6 {[%clk 01:29:59]} {[%emt 00:02:41]} 7. Nc3 {[%clk 01:30:09]}
{[%emt 00:01:44]} e5 {[%clk 01:30:11]} {[%emt 00:00:18]} 8. dxe5 {[%clk
01:20:47]} {[%emt 00:09:53]} dxe5 {[%clk 01:28:50]} {[%emt 00:01:50]} 9. Nd5
{[%clk 01:18:08]} {[%emt 00:03:09]} Nxd5 {[%clk 01:25:32]} {[%emt 00:03:48]}
10. cxd5 {[%clk 01:11:30]} {[%emt 00:07:07]} Ne7 {[%clk 01:25:09]} {[%emt
00:00:53]} 11. e4 {[%clk 01:11:32]} {[%emt 00:00:29]} Bg4 {[%clk 01:15:39]}
{[%emt 00:09:59]} 12. Qb3 {[%clk 01:09:12]} {[%emt 00:02:50]} Rb8 {[%clk
01:00:50]} {[%emt 00:15:20]} 13. Be3 {[%clk 01:07:10]} {[%emt 00:02:32]} Nc8
{[%clk 01:00:47]} {[%emt 00:00:33]} 14. h3 {[%clk 01:06:38]} {[%emt 00:01:02]}
Bxf3 {[%clk 01:00:06]} {[%emt 00:01:11]} 15. Bxf3 {[%clk 01:07:03]} {[%emt
00:00:05]} a6 {[%clk 01:00:12]} {[%emt 00:00:24]} 16. Qc2 {[%clk 01:02:21]}
{[%emt 00:05:12]} Nd6 {[%clk 00:59:40]} {[%emt 00:01:02]} 17. Rac1 {[%clk
01:00:29]} {[%emt 00:02:22]} Rc8 {[%clk 00:59:05]} {[%emt 00:01:04]} 18. Rfe1
{[%clk 00:57:49]} {[%emt 00:03:11]} c6 {[%clk 00:47:48]} {[%emt 00:11:47]} 19.
Qd2 {[%clk 00:54:24]} {[%emt 00:03:55]} cxd5 {[%clk 00:42:55]} {[%emt
00:05:23]} 20. Qxd5 {[%clk 00:53:17]} {[%emt 00:01:37]} Qf6 {[%clk 00:33:51]}
{[%emt 00:09:33]} 21. Bg2 {[%clk 00:49:00]} {[%emt 00:04:47]} Rcd8 {[%clk
00:30:37]} {[%emt 00:03:45]} 22. h4 {[%clk 00:39:53]} {[%emt 00:09:37]} h6
{[%clk 00:29:33]} {[%emt 00:01:34]} 23. Red1 {[%clk 00:36:24]} {[%emt
00:03:58]} Nf5 {[%clk 00:26:57]} {[%emt 00:03:06]} 24. Qb3 {[%clk 00:34:58]}
{[%emt 00:01:56]} Nxe3 {[%clk 00:24:49]} {[%emt 00:02:39]} 25. Qxe3 {[%clk
00:34:57]} {[%emt 00:00:30]} Rxd1+ {[%clk 00:24:44]} {[%emt 00:00:35]} 26. Rxd1
{[%clk 00:35:22]} {[%emt 00:00:05]} Rd8 {[%clk 00:24:02]} {[%emt 00:01:13]} 27.
Rc1 {[%clk 00:32:32]} {[%emt 00:03:19]} Qd6 {[%clk 00:22:06]} {[%emt 00:02:26]}
28. Bf3 {[%clk 00:29:30]} {[%emt 00:03:32]} 1/2-1/2

[Event "Deutsche Ländermeisterschaft 2024"]
[Site "Tübingen GER"]
[Date "2024.10.05"]
[Round "6"]
[White "Wolf, Helena"]
[Black "Krannich, Eva"]
[Result "0-1"]
[Termination "normal"]
[Board "2.8"]
[WhiteElo "1545"]
[BlackElo "1582"]
[WhiteClock "00:34:56"]
[BlackClock "00:54:01"]
[WhiteTeam "Hessen"]
[BlackTeam "Rheinland-Pfalz"]
[PlyCount "94"]
[WhiteFideId "34671030"]
[BlackFideId "34639713"]
[EventCountry "GER"]
[EventRounds "7"]
[EventType "team-swiss"]
[EventDate "2024.10.02"]

1. d4 {[%clk 01:30:58]} Nf6 {[%clk 01:30:52]} {[%emt 00:00:08]} 2. Nc3 {[%clk
01:31:25]} {[%emt 00:00:04]} d6 {[%clk 01:31:14]} {[%emt 00:00:08]} 3. e4
{[%clk 01:31:51]} {[%emt 00:00:04]} Nbd7 {[%clk 01:31:36]} {[%emt 00:00:08]} 4.
Be3 {[%clk 01:32:12]} {[%emt 00:00:09]} e5 {[%clk 01:31:55]} {[%emt 00:00:10]}
5. f3 {[%clk 01:30:24]} {[%emt 00:02:18]} g6 {[%clk 01:32:06]} {[%emt
00:00:20]} 6. Qd2 {[%clk 01:30:13]} {[%emt 00:00:41]} Bg7 {[%clk 01:31:52]}
{[%emt 00:00:44]} 7. d5 {[%clk 01:29:53]} {[%emt 00:00:50]} O-O {[%clk
01:32:09]} {[%emt 00:00:13]} 8. O-O-O {[%clk 01:30:13]} {[%emt 00:00:10]} Ne8
{[%clk 01:30:38]} {[%emt 00:02:01]} 9. Bh6 {[%clk 01:29:49]} {[%emt 00:00:54]}
a6 {[%clk 01:29:17]} {[%emt 00:01:51]} 10. h4 {[%clk 01:29:21]} {[%emt
00:00:58]} b5 {[%clk 01:25:16]} {[%emt 00:04:30]} 11. h5 {[%clk 01:27:23]}
{[%emt 00:02:28]} Nb6 {[%clk 01:23:41]} {[%emt 00:02:05]} 12. hxg6 {[%clk
01:27:19]} {[%emt 00:00:35]} fxg6 {[%clk 01:23:58]} {[%emt 00:00:13]} 13. Bxg7
{[%clk 01:27:38]} {[%emt 00:00:11]} Nxg7 {[%clk 01:24:02]} {[%emt 00:00:25]}
14. Qh6 {[%clk 01:27:56]} {[%emt 00:00:14]} Nh5 {[%clk 01:23:17]} {[%emt
00:01:14]} 15. g4 {[%clk 01:27:14]} {[%emt 00:01:11]} Nf6 {[%clk 01:23:38]}
{[%emt 00:00:10]} 16. Nh3 {[%clk 01:26:33]} {[%emt 00:01:11]} Qe7 {[%clk
01:22:51]} {[%emt 00:01:17]} 17. Ng5 {[%clk 01:25:12]} {[%emt 00:01:51]} Qg7
{[%clk 01:21:12]} {[%emt 00:02:09]} 18. Qh4 {[%clk 01:22:41]} {[%emt 00:02:59]}
Bd7 {[%clk 01:19:55]} {[%emt 00:01:48]} 19. Be2 {[%clk 01:22:05]} {[%emt
00:01:06]} Rae8 {[%clk 01:18:17]} {[%emt 00:02:10]} 20. Rdf1 {[%clk 01:05:40]}
{[%emt 00:16:52]} Re7 {[%clk 01:15:22]} {[%emt 00:03:25]} 21. Nh3 {[%clk
01:04:21]} {[%emt 00:01:50]} b4 {[%clk 01:09:30]} {[%emt 00:06:22]} 22. Nd1
{[%clk 01:03:24]} {[%emt 00:01:26]} a5 {[%clk 01:09:44]} {[%emt 00:00:17]} 23.
g5 {[%clk 01:02:37]} {[%emt 00:01:16]} Nh5 {[%clk 01:09:25]} {[%emt 00:00:51]}
24. f4 {[%clk 01:02:49]} {[%emt 00:00:16]} Bxh3 {[%clk 01:09:13]} {[%emt
00:00:44]} 25. Qxh3 {[%clk 00:58:53]} {[%emt 00:04:26]} Nxf4 {[%clk 01:09:30]}
{[%emt 00:00:13]} 26. Qh2 {[%clk 00:58:43]} {[%emt 00:00:39]} Nxe2+ {[%clk
01:08:15]} {[%emt 00:01:45]} 27. Qxe2 {[%clk 00:59:00]} {[%emt 00:00:14]} Rxf1
{[%clk 01:06:28]} {[%emt 00:02:17]} 28. Rxf1 {[%clk 00:59:09]} {[%emt
00:00:20]} Re8 {[%clk 01:06:35]} {[%emt 00:00:23]} 29. Qb5 {[%clk 00:58:24]}
{[%emt 00:01:15]} Ra8 {[%clk 01:06:34]} {[%emt 00:00:31]} 30. Ne3 {[%clk
00:56:25]} {[%emt 00:02:29]} Qd7 {[%clk 01:00:56]} {[%emt 00:06:08]} 31. Qxd7
{[%clk 00:54:38]} {[%emt 00:02:17]} Nxd7 {[%clk 01:01:15]} {[%emt 00:00:11]}
32. Ng4 {[%clk 00:54:49]} {[%emt 00:00:20]} Rf8 {[%clk 01:00:20]} {[%emt
00:01:25]} 33. Rxf8+ {[%clk 00:52:19]} {[%emt 00:03:00]} Kxf8 {[%clk 01:00:20]}
{[%emt 00:00:30]} 34. Kd2 {[%clk 00:52:29]} {[%emt 00:00:19]} Nc5 {[%clk
00:52:47]} {[%emt 00:08:03]} 35. Nf6 {[%clk 00:50:25]} {[%emt 00:02:34]} Kf7
{[%clk 00:53:07]} {[%emt 00:00:10]} 36. Nxh7 {[%clk 00:44:58]} {[%emt
00:05:57]} Nxe4+ {[%clk 00:52:19]} {[%emt 00:01:18]} 37. Ke3 {[%clk 00:44:50]}
{[%emt 00:00:39]} Nc5 {[%clk 00:52:00]} {[%emt 00:00:49]} 38. Kd2 {[%clk
00:42:57]} {[%emt 00:02:22]} Nd7 {[%clk 00:52:10]} {[%emt 00:00:20]} 39. Ke3
{[%clk 00:42:37]} {[%emt 00:00:51]} Kg7 {[%clk 00:52:25]} {[%emt 00:00:14]} 40.
Nf6 {[%clk 00:42:52]} {[%emt 00:00:15]} Nxf6 {[%clk 00:52:48]} {[%emt
00:00:08]} 41. gxf6+ {[%clk 00:43:17]} {[%emt 00:00:04]} Kxf6 {[%clk 00:53:10]}
{[%emt 00:00:08]} 42. Ke4 {[%clk 00:43:34]} {[%emt 00:00:14]} Kg5 {[%clk
00:52:57]} {[%emt 00:00:43]} 43. Kf3 {[%clk 00:39:43]} {[%emt 00:04:21]} Kf5
{[%clk 00:52:59]} {[%emt 00:00:28]} 44. b3 {[%clk 00:40:03]} {[%emt 00:00:10]}
g5 {[%clk 00:53:16]} {[%emt 00:00:12]} 45. Ke3 {[%clk 00:39:52]} {[%emt
00:00:40]} g4 {[%clk 00:53:29]} {[%emt 00:00:18]} 46. Kf2 {[%clk 00:38:55]}
{[%emt 00:01:28]} Kf4 {[%clk 00:53:43]} {[%emt 00:00:15]} 47. Kg2 {[%clk
00:34:56]} {[%emt 00:04:30]} g3 {[%clk 00:54:01]} {[%emt 00:00:12]} 0-1

[Event "Deutsche Ländermeisterschaft 2024"]
[Site "Tübingen GER"]
[Date "2024.10.05"]
[Round "6"]
[White "Weihrauch, Jakob"]
[Black "Butenandt, Svenja"]
[Result "1-0"]
[Termination "normal"]
[Board "3.1"]
[WhiteTitle "FM"]
[BlackTitle "WFM"]
[WhiteElo "2260"]
[BlackElo "2141"]
[WhiteClock "00:08:14"]
[BlackClock "00:22:32"]
[WhiteTeam "Hamburg"]
[BlackTeam "Bayern"]
[PlyCount "171"]
[WhiteFideId "16210115"]
[BlackFideId "12993859"]
[EventCountry "GER"]
[EventRounds "7"]
[EventType "team-swiss"]
[EventDate "2024.10.02"]

1. e4 {[%clk 01:30:57]} {[%emt 00:00:03]} c6 {[%clk 01:30:55]} {[%emt
00:00:06]} 2. d4 {[%clk 01:31:22]} {[%emt 00:00:05]} d5 {[%clk 01:31:21]}
{[%emt 00:00:03]} 3. e5 {[%clk 01:31:43]} {[%emt 00:00:10]} Bf5 {[%clk
01:31:46]} {[%emt 00:00:05]} 4. Nd2 {[%clk 01:32:09]} {[%emt 00:00:04]} e6
{[%clk 01:32:08]} {[%emt 00:00:08]} 5. Nb3 {[%clk 01:32:35]} {[%emt 00:00:04]}
a6 {[%clk 01:32:34]} {[%emt 00:00:04]} 6. Nf3 {[%clk 01:32:25]} {[%emt
00:00:40]} c5 {[%clk 01:32:53]} {[%emt 00:00:10]} 7. dxc5 {[%clk 01:31:53]}
{[%emt 00:01:03]} Bxc5 {[%clk 01:33:17]} {[%emt 00:00:05]} 8. Nxc5 {[%clk
01:32:04]} {[%emt 00:00:19]} Qa5+ {[%clk 01:33:43]} {[%emt 00:00:04]} 9. c3
{[%clk 01:30:20]} {[%emt 00:02:15]} Qxc5 {[%clk 01:34:04]} {[%emt 00:00:08]}
10. Nd4 {[%clk 01:26:12]} {[%emt 00:04:39]} Ne7 {[%clk 01:33:45]} {[%emt
00:00:49]} 11. Nxf5 {[%clk 01:18:47]} {[%emt 00:07:56]} Nxf5 {[%clk 01:34:09]}
{[%emt 00:00:05]} 12. Bd3 {[%clk 01:19:10]} {[%emt 00:00:07]} Ne7 {[%clk
01:29:57]} {[%emt 00:04:41]} 13. O-O {[%clk 01:16:20]} {[%emt 00:03:20]} Nd7
{[%clk 01:27:14]} {[%emt 00:03:13]} 14. Be3 {[%clk 01:14:54]} {[%emt 00:01:57]}
Qc7 {[%clk 01:27:25]} {[%emt 00:00:19]} 15. f4 {[%clk 01:15:12]} {[%emt
00:00:12]} g6 {[%clk 01:11:19]} {[%emt 00:16:36]} 16. Rc1 {[%clk 01:12:59]}
{[%emt 00:02:43]} Nc5 {[%clk 00:59:26]} {[%emt 00:12:22]} 17. Bb1 {[%clk
01:07:30]} {[%emt 00:06:00]} b5 {[%clk 00:56:33]} {[%emt 00:03:23]} 18. Qf3
{[%clk 01:03:02]} {[%emt 00:04:58]} Rc8 {[%clk 00:51:36]} {[%emt 00:05:26]} 19.
g4 {[%clk 01:01:10]} {[%emt 00:02:22]} h5 {[%clk 00:49:25]} {[%emt 00:02:41]}
20. h3 {[%clk 01:01:36]} {[%emt 00:00:05]} Nd7 {[%clk 00:45:03]} {[%emt
00:04:51]} 21. Kg2 {[%clk 00:58:43]} {[%emt 00:03:23]} Nc6 {[%clk 00:44:29]}
{[%emt 00:01:04]} 22. b3 {[%clk 00:47:42]} {[%emt 00:11:31]} Ne7 {[%clk
00:38:03]} {[%emt 00:06:56]} 23. Bd4 {[%clk 00:45:59]} {[%emt 00:02:14]} Nc6
{[%clk 00:37:10]} {[%emt 00:01:23]} 24. Be3 {[%clk 00:44:20]} {[%emt 00:02:09]}
Ne7 {[%clk 00:37:33]} {[%emt 00:00:07]} 25. Qf2 {[%clk 00:44:14]} {[%emt
00:00:36]} Qb7 {[%clk 00:36:34]} {[%emt 00:01:28]} 26. Bd4 {[%clk 00:36:10]}
{[%emt 00:08:34]} Nc6 {[%clk 00:35:29]} {[%emt 00:01:35]} 27. f5 {[%clk
00:27:39]} {[%emt 00:09:01]} hxg4 {[%clk 00:25:41]} {[%emt 00:10:19]} 28. fxg6
{[%clk 00:22:23]} {[%emt 00:05:46]} gxh3+ {[%clk 00:25:36]} {[%emt 00:00:35]}
29. Kh1 {[%clk 00:21:33]} {[%emt 00:01:19]} fxg6 {[%clk 00:23:52]} {[%emt
00:02:14]} 30. Qf7+ {[%clk 00:21:35]} {[%emt 00:00:28]} Kd8 {[%clk 00:24:20]}
{[%emt 00:00:01]} 31. Qxe6 {[%clk 00:21:00]} {[%emt 00:01:06]} Ncxe5 {[%clk
00:18:35]} {[%emt 00:06:16]} 32. Rce1 {[%clk 00:18:32]} {[%emt 00:02:58]} Re8
{[%clk 00:18:30]} {[%emt 00:00:35]} 33. Qd6 {[%clk 00:17:14]} {[%emt 00:01:47]}
Rc6 {[%clk 00:17:05]} {[%emt 00:01:55]} 34. Qxd5 {[%clk 00:16:02]} {[%emt
00:01:43]} Rc7 {[%clk 00:15:49]} {[%emt 00:01:46]} 35. Qxb7 {[%clk 00:13:38]}
{[%emt 00:02:54]} Rxb7 {[%clk 00:16:18]} {[%emt 00:00:01]} 36. Re3 {[%clk
00:13:13]} {[%emt 00:00:55]} Re7 {[%clk 00:14:57]} {[%emt 00:01:50]} 37. Rxh3
{[%clk 00:10:46]} {[%emt 00:02:57]} Nc6 {[%clk 00:15:05]} {[%emt 00:00:21]} 38.
Be3 {[%clk 00:09:37]} {[%emt 00:01:39]} Re6 {[%clk 00:15:24]} {[%emt 00:00:12]}
39. Bf4 {[%clk 00:09:37]} {[%emt 00:00:31]} Nf8 {[%clk 00:14:59]} {[%emt
00:00:54]} 40. Bg5+ {[%clk 00:00:49]} {[%emt 00:09:18]} Ke8 {[%clk 00:15:14]}
{[%emt 00:00:16]} 41. Bh6 {[%clk 00:17:51]} {[%emt 00:13:27]} Nh7 {[%clk
00:37:23]} {[%emt 00:08:21]} 42. Re3 {[%clk 00:17:03]} {[%emt 00:01:18]} Rbe7
{[%clk 00:33:24]} {[%emt 00:04:29]} 43. Rfe1 {[%clk 00:16:30]} {[%emt
00:01:03]} Rxe3 {[%clk 00:32:54]} {[%emt 00:01:00]} 44. Bxg6+ {[%clk 00:16:54]}
{[%emt 00:00:07]} Kd7 {[%clk 00:32:15]} {[%emt 00:01:09]} 45. Rxe3 {[%clk
00:15:28]} {[%emt 00:01:56]} Rxe3 {[%clk 00:32:37]} {[%emt 00:00:07]} 46. Bxe3
{[%clk 00:15:55]} {[%emt 00:00:03]} Nf6 {[%clk 00:32:58]} {[%emt 00:00:09]} 47.
Kg2 {[%clk 00:13:37]} {[%emt 00:02:49]} Nd5 {[%clk 00:33:09]} {[%emt 00:00:19]}
48. Bd2 {[%clk 00:13:35]} {[%emt 00:00:31]} b4 {[%clk 00:27:22]} {[%emt
00:06:17]} 49. cxb4 {[%clk 00:12:13]} {[%emt 00:01:53]} Ncxb4 {[%clk 00:26:26]}
{[%emt 00:01:25]} 50. Bb1 {[%clk 00:11:52]} {[%emt 00:00:51]} Kd6 {[%clk
00:26:12]} {[%emt 00:00:45]} 51. Kf3 {[%clk 00:11:35]} {[%emt 00:00:47]} Ke5
{[%clk 00:25:37]} {[%emt 00:01:04]} 52. Bh6 {[%clk 00:08:53]} {[%emt 00:03:12]}
Kd6 {[%clk 00:23:59]} {[%emt 00:02:08]} 53. Bg7 {[%clk 00:08:20]} {[%emt
00:01:03]} Nc6 {[%clk 00:21:24]} {[%emt 00:03:04]} 54. Ke4 {[%clk 00:07:53]}
{[%emt 00:00:58]} Nb6 {[%clk 00:21:43]} {[%emt 00:00:10]} 55. Bf8+ {[%clk
00:06:59]} {[%emt 00:01:25]} Ke6 {[%clk 00:21:29]} {[%emt 00:00:44]} 56. Bd3
{[%clk 00:05:58]} {[%emt 00:01:31]} a5 {[%clk 00:19:08]} {[%emt 00:02:51]} 57.
Bc5 {[%clk 00:05:02]} {[%emt 00:01:26]} Na8 {[%clk 00:18:39]} {[%emt 00:00:59]}
58. Bc4+ {[%clk 00:04:30]} {[%emt 00:01:03]} Kd7 {[%clk 00:18:51]} {[%emt
00:00:17]} 59. Bb5 {[%clk 00:02:56]} {[%emt 00:02:05]} Nc7 {[%clk 00:18:45]}
{[%emt 00:00:35]} 60. Ba4 {[%clk 00:02:36]} {[%emt 00:00:50]} Na6 {[%clk
00:17:50]} {[%emt 00:01:25]} 61. Kd5 {[%clk 00:03:00]} {[%emt 00:00:06]} Nc7+
{[%clk 00:18:09]} {[%emt 00:00:11]} 62. Kc4 {[%clk 00:03:19]} {[%emt 00:00:11]}
Na8 {[%clk 00:17:02]} {[%emt 00:01:37]} 63. Kb5 {[%clk 00:03:28]} {[%emt
00:00:21]} Kc7 {[%clk 00:17:08]} {[%emt 00:00:24]} 64. Ka6 {[%clk 00:03:33]}
{[%emt 00:00:25]} Nb4+ {[%clk 00:16:45]} {[%emt 00:00:53]} 65. Ka7 {[%clk
00:01:41]} {[%emt 00:02:22]} Nxa2 {[%clk 00:16:12]} {[%emt 00:01:03]} 66. Kxa8
{[%clk 00:02:07]} {[%emt 00:00:04]} Nc3 {[%clk 00:16:38]} {[%emt 00:00:04]} 67.
Ka7 {[%clk 00:02:15]} {[%emt 00:00:23]} Kc8 {[%clk 00:15:37]} {[%emt 00:01:30]}
68. Bb6 {[%clk 00:02:10]} {[%emt 00:00:35]} Ne4 {[%clk 00:15:37]} {[%emt
00:00:30]} 69. Bxa5 {[%clk 00:02:03]} {[%emt 00:00:37]} Nc5 {[%clk 00:16:02]}
{[%emt 00:00:05]} 70. Bb6 {[%clk 00:02:16]} {[%emt 00:00:17]} Nxb3 {[%clk
00:16:26]} {[%emt 00:00:06]} 71. Bxb3 {[%clk 00:02:40]} {[%emt 00:00:06]} Kd7
{[%clk 00:16:53]} {[%emt 00:00:03]} 72. Kb7 {[%clk 00:03:03]} {[%emt 00:00:07]}
Kd6 {[%clk 00:17:13]} {[%emt 00:00:10]} 73. Bd4 {[%clk 00:03:29]} {[%emt
00:00:04]} Ke7 {[%clk 00:17:37]} {[%emt 00:00:06]} 74. Be5 {[%clk 00:03:55]}
{[%emt 00:00:05]} Ke8 {[%clk 00:17:56]} {[%emt 00:00:10]} 75. Kc7 {[%clk
00:04:00]} {[%emt 00:00:24]} Ke7 {[%clk 00:18:17]} {[%emt 00:00:09]} 76. Kc6
{[%clk 00:04:16]} {[%emt 00:00:15]} Kd8 {[%clk 00:18:42]} {[%emt 00:00:05]} 77.
Kd6 {[%clk 00:04:24]} {[%emt 00:00:21]} Kc8 {[%clk 00:19:07]} {[%emt 00:00:05]}
78. Bd5 {[%clk 00:04:49]} {[%emt 00:00:06]} Kd8 {[%clk 00:19:31]} {[%emt
00:00:06]} 79. Bf7 {[%clk 00:05:11]} {[%emt 00:00:08]} Kc8 {[%clk 00:19:57]}
{[%emt 00:00:03]} 80. Kc6 {[%clk 00:05:34]} {[%emt 00:00:07]} Kd8 {[%clk
00:20:22]} {[%emt 00:00:06]} 81. Bf6+ {[%clk 00:06:00]} {[%emt 00:00:04]} Kc8
{[%clk 00:20:47]} {[%emt 00:00:04]} 82. Be6+ {[%clk 00:06:27]} {[%emt
00:00:04]} Kb8 {[%clk 00:21:14]} {[%emt 00:00:04]} 83. Kb6 {[%clk 00:06:53]}
{[%emt 00:00:04]} Ka8 {[%clk 00:21:40]} {[%emt 00:00:03]} 84. Bg7 {[%clk
00:07:20]} {[%emt 00:00:04]} Kb8 {[%clk 00:22:04]} {[%emt 00:00:05]} 85. Be5+
{[%clk 00:07:47]} {[%emt 00:00:03]} Ka8 {[%clk 00:22:32]} {[%emt 00:00:02]} 86.
Bd5# {[%clk 00:08:14]} {[%emt 00:00:04]} 1-0

[Event "Deutsche Ländermeisterschaft 2024"]
[Site "Tübingen GER"]
[Date "2024.10.05"]
[Round "6"]
[White "Wunderlich, Elias"]
[Black "Fuhrmann, Bahne"]
[Result "1/2-1/2"]
[Termination "normal"]
[Board "3.2"]
[WhiteElo "2073"]
[BlackElo "2132"]
[WhiteClock "00:12:43"]
[BlackClock "01:23:28"]
[WhiteTeam "Bayern"]
[BlackTeam "Hamburg"]
[PlyCount "104"]
[WhiteFideId "34608087"]
[BlackFideId "16244842"]
[EventCountry "GER"]
[EventRounds "7"]
[EventType "team-swiss"]
[EventDate "2024.10.02"]

1. e4 {[%clk 01:30:58]} e5 {[%clk 01:30:55]} {[%emt 00:00:06]} 2. Nf3 {[%clk
01:31:25]} {[%emt 00:00:03]} Nc6 {[%clk 01:31:20]} {[%emt 00:00:06]} 3. Bb5
{[%clk 01:31:51]} {[%emt 00:00:03]} a6 {[%clk 01:31:46]} {[%emt 00:00:04]} 4.
Ba4 {[%clk 01:32:20]} {[%emt 00:00:01]} Nf6 {[%clk 01:32:10]} {[%emt 00:00:06]}
5. O-O {[%clk 01:32:45]} {[%emt 00:00:05]} Nxe4 {[%clk 01:32:37]} {[%emt
00:00:03]} 6. d4 {[%clk 01:33:11]} {[%emt 00:00:04]} Be7 {[%clk 01:33:03]}
{[%emt 00:00:04]} 7. Re1 {[%clk 01:32:03]} {[%emt 00:01:38]} b5 {[%clk
01:33:26]} {[%emt 00:00:08]} 8. Bb3 {[%clk 01:32:01]} {[%emt 00:00:31]} d5
{[%clk 01:33:50]} {[%emt 00:00:05]} 9. dxe5 {[%clk 01:32:11]} {[%emt 00:00:21]}
Be6 {[%clk 01:34:15]} {[%emt 00:00:05]} 10. c3 {[%clk 01:32:33]} {[%emt
00:00:07]} O-O {[%clk 01:34:18]} {[%emt 00:00:27]} 11. Nbd2 {[%clk 01:28:46]}
{[%emt 00:04:19]} Nc5 {[%clk 01:34:39]} {[%emt 00:00:09]} 12. Bc2 {[%clk
01:29:05]} {[%emt 00:00:10]} d4 {[%clk 01:34:36]} {[%emt 00:00:33]} 13. cxd4
{[%clk 01:28:17]} {[%emt 00:01:18]} Nxd4 {[%clk 01:34:42]} {[%emt 00:00:24]}
14. Nxd4 {[%clk 01:27:30]} {[%emt 00:01:17]} Qxd4 {[%clk 01:35:06]} {[%emt
00:00:06]} 15. Qe2 {[%clk 01:27:44]} {[%emt 00:00:15]} Rfd8 {[%clk 01:29:15]}
{[%emt 00:06:21]} 16. Rd1 {[%clk 01:18:41]} {[%emt 00:09:33]} Nd3 {[%clk
01:19:24]} {[%emt 00:10:22]} 17. Nf3 {[%clk 01:17:58]} {[%emt 00:01:12]} Nxc1
{[%clk 01:18:44]} {[%emt 00:01:11]} 18. Raxc1 {[%clk 00:56:52]} {[%emt
00:21:35]} Qf4 {[%clk 01:14:47]} {[%emt 00:04:27]} 19. Qe4 {[%clk 00:50:20]}
{[%emt 00:07:02]} Qxe4 {[%clk 01:13:02]} {[%emt 00:02:16]} 20. Bxe4 {[%clk
00:49:40]} {[%emt 00:01:09]} Rxd1+ {[%clk 01:13:00]} {[%emt 00:00:32]} 21. Rxd1
{[%clk 00:50:09]} {[%emt 00:00:02]} Rd8 {[%clk 01:13:03]} {[%emt 00:00:28]} 22.
Rxd8+ {[%clk 00:48:29]} {[%emt 00:02:09]} Bxd8 {[%clk 01:12:17]} {[%emt
00:01:16]} 23. Nd4 {[%clk 00:42:12]} {[%emt 00:06:47]} Bxa2 {[%clk 01:08:32]}
{[%emt 00:04:14]} 24. Nc6 {[%clk 00:42:39]} {[%emt 00:00:04]} Bg5 {[%clk
01:08:26]} {[%emt 00:00:36]} 25. Nb4 {[%clk 00:42:55]} {[%emt 00:00:13]} Bc4
{[%clk 01:08:08]} {[%emt 00:00:49]} 26. Nxa6 {[%clk 00:43:15]} {[%emt
00:00:10]} Bf4 {[%clk 01:04:04]} {[%emt 00:04:34]} 27. Nxc7 {[%clk 00:43:32]}
{[%emt 00:00:13]} Bxe5 {[%clk 00:56:09]} {[%emt 00:08:25]} 28. b3 {[%clk
00:42:29]} {[%emt 00:01:32]} Bxc7 {[%clk 00:55:44]} {[%emt 00:00:55]} 29. bxc4
{[%clk 00:42:51]} {[%emt 00:00:09]} bxc4 {[%clk 00:56:06]} {[%emt 00:00:08]}
30. h3 {[%clk 00:40:21]} {[%emt 00:03:00]} g5 {[%clk 00:53:49]} {[%emt
00:02:47]} 31. Kf1 {[%clk 00:39:34]} {[%emt 00:01:17]} Kg7 {[%clk 00:53:32]}
{[%emt 00:00:47]} 32. Ke2 {[%clk 00:38:35]} {[%emt 00:01:28]} h5 {[%clk
00:53:09]} {[%emt 00:00:54]} 33. Bd5 {[%clk 00:36:18]} {[%emt 00:02:47]} c3
{[%clk 00:53:32]} {[%emt 00:00:06]} 34. Kd3 {[%clk 00:36:05]} {[%emt 00:00:43]}
Be5 {[%clk 00:53:52]} {[%emt 00:00:10]} 35. Bb3 {[%clk 00:32:12]} {[%emt
00:04:23]} f6 {[%clk 00:52:29]} {[%emt 00:01:53]} 36. Ke4 {[%clk 00:22:22]}
{[%emt 00:10:20]} Kg6 {[%clk 00:52:30]} {[%emt 00:00:30]} 37. Bc2 {[%clk
00:06:11]} {[%emt 00:16:41]} Kf7 {[%clk 00:52:42]} {[%emt 00:00:18]} 38. Kd5
{[%clk 00:04:57]} {[%emt 00:01:43]} Bf4 {[%clk 00:53:03]} {[%emt 00:00:09]} 39.
Kc4 {[%clk 00:03:54]} {[%emt 00:01:34]} Bd2 {[%clk 00:53:16]} {[%emt 00:00:17]}
40. Bf5 {[%clk 00:02:42]} {[%emt 00:01:41]} Ke7 {[%clk 00:53:13]} {[%emt
00:00:34]} 41. Kd5 {[%clk 00:29:04]} {[%emt 00:04:08]} Be1 {[%clk 01:23:17]}
{[%emt 00:00:26]} 42. Kd4 {[%clk 00:21:14]} {[%emt 00:08:20]} Kd6 {[%clk
01:21:53]} {[%emt 00:01:53]} 43. f4 {[%clk 00:20:18]} {[%emt 00:01:26]} gxf4
{[%clk 01:22:08]} {[%emt 00:00:16]} 44. Bc2 {[%clk 00:13:58]} {[%emt 00:06:50]}
Bd2 {[%clk 01:22:05]} {[%emt 00:00:33]} 45. Bb1 {[%clk 00:12:29]} {[%emt
00:01:59]} Kc6 {[%clk 01:21:58]} {[%emt 00:00:37]} 46. Kc4 {[%clk 00:12:22]}
{[%emt 00:00:36]} Kb6 {[%clk 01:22:14]} {[%emt 00:00:14]} 47. Be4 {[%clk
00:11:26]} {[%emt 00:01:26]} Ka5 {[%clk 01:21:53]} {[%emt 00:00:52]} 48. Kb3
{[%clk 00:11:36]} {[%emt 00:00:20]} Kb5 {[%clk 01:22:16]} {[%emt 00:00:07]} 49.
Kc2 {[%clk 00:11:50]} {[%emt 00:00:15]} Kc4 {[%clk 01:22:24]} {[%emt 00:00:23]}
50. Bf3 {[%clk 00:12:00]} {[%emt 00:00:20]} h4 {[%clk 01:22:47]} {[%emt
00:00:07]} 51. Ba8 {[%clk 00:12:23]} {[%emt 00:00:06]} Kd4 {[%clk 01:23:09]}
{[%emt 00:00:08]} 52. Bb7 {[%clk 00:12:43]} {[%emt 00:00:11]} Ke3 {[%clk
01:23:28]} 1/2-1/2